[Event "SVK Extraliga 2018/2019"]
[Site "?"]
[Date "2019.04.14"]
[Round "11.5"]
[White "Piesik, Piotr"]
[Black "Vass, Frantisek"]
[Result "1/2-1/2"]
[WhiteElo "2420"]
[BlackElo "2314"]
[PlyCount "66"]
[EventDate "2018.11.10"]
[WhiteTeam "SKS Dubnica nad Vahom"]
[BlackTeam "SK Aquamarin Podhajska"]

1. d4 d5 2. c4 Bf5 3. cxd5 Bxb1 4. Qa4+ c6 5. Rxb1 Qxd5 6. Nf3 Nd7 7. e3 Qe4 8.
Ra1 Qg6 9. Qb3 Rb8 10. Be2 e6 11. O-O Bd6 12. Bd2 Ne7 13. Bb4 Bxb4 14. Qxb4 Qf6
15. Qa5 Nc8 16. Qc7 Qd8 17. Qg3 O-O 18. Bd3 h6 19. Ne5 Ncb6 20. Rac1 Nxe5 21.
Qxe5 Qd5 22. Qe4 Qxe4 23. Bxe4 Rfe8 24. Rc5 e5 25. dxe5 Nd7 26. Ra5 Rxe5 27.
Rxe5 Nxe5 28. Rd1 Kf8 29. Kf1 Ke7 30. Ke2 Nc4 31. Rd4 Nd6 32. Bc2 c5 33. Rd5 b6
1/2-1/2

[Event "SVK Extraliga 2018/2019"]
[Site "?"]
[Date "2019.04.14"]
[Round "11.6"]
[White "Chovan, Milan"]
[Black "Vojtek, Vladimir"]
[Result "1/2-1/2"]
[WhiteElo "2328"]
[BlackElo "2309"]
[PlyCount "150"]
[EventDate "2018.11.10"]
[WhiteTeam "SK Aquamarin Podhajska"]
[BlackTeam "SKS Dubnica nad Vahom"]

1. d4 d5 2. c4 e6 3. Nc3 Nf6 4. cxd5 exd5 5. Bg5 c6 6. Qc2 Be7 7. e3 Bg4 8. Bd3
Nbd7 9. Nge2 Bh5 10. O-O Bg6 11. f3 Bxd3 12. Qxd3 O-O 13. Rad1 Re8 14. Kh1 Nh5
15. Bxe7 Qxe7 16. e4 dxe4 17. fxe4 Rad8 18. Qf3 g6 19. g4 Ng7 20. Ng3 Rf8 21.
a3 a5 22. Rde1 Nb6 23. d5 Nc4 24. Qe2 Ne5 25. Rg1 Qh4 26. g5 Qxg5 27. Nf5 Qh5
28. Qxh5 Nxh5 29. Rd1 Nf6 30. Ne3 Rfe8 31. Rgf1 Nfg4 32. Nxg4 Nxg4 33. Rd4 Kg7
34. Ra4 Nf6 35. Rxa5 Nxe4 36. Nxe4 Rxe4 37. dxc6 bxc6 38. Ra7 Rf8 39. Rf2 g5
40. Rc2 Rd8 41. Rf2 Rf8 42. Rc2 Rfe8 43. b4 Rg4 44. Rc1 Rf4 45. Rc2 Re6 46. Ra6
Rf3 47. Rb2 g4 48. a4 Rfe3 49. b5 cxb5 50. Rxe6 Rxe6 51. axb5 Rb6 52. Kg2 Kf6
53. Kg3 Kg5 54. h4+ Kf5 55. Rf2+ Kg6 56. Kxg4 Rxb5 57. h5+ Kg7 58. Ra2 Rb4+ 59.
Kg3 Rb1 60. Ra6 f6 61. Ra5 Rf1 62. Kg4 Rg1+ 63. Kf4 Kh6 64. Ra7 Rf1+ 65. Kg4
f5+ 66. Kg3 Rh1 67. Kf4 Rf1+ 68. Kg3 Rh1 69. Kf4 Rxh5 70. Ra6+ Kg7 71. Ra7+ Kf6
72. Ra6+ Ke7 73. Ra7+ Kd6 74. Ra6+ Kd5 75. Ra5+ Kd4 1/2-1/2

[Event "SVK Extraliga 2018/2019"]
[Site "?"]
[Date "2019.04.14"]
[Round "11.1"]
[White "Piorun, Kacper"]
[Black "Sipos, Istvan"]
[Result "1/2-1/2"]
[WhiteElo "2660"]
[BlackElo "2472"]
[PlyCount "103"]
[EventDate "2018.11.10"]
[WhiteTeam "TJ Inbest Dunajov"]
[BlackTeam "KSC Komarno"]

1. e4 e5 2. Nf3 Nf6 3. Nxe5 d6 4. Nf3 Nxe4 5. Nc3 Nxc3 6. dxc3 Be7 7. Bf4 O-O
8. Qd2 Nd7 9. O-O-O Nc5 10. Bc4 Be6 11. Bxe6 Nxe6 12. Be3 Qd7 13. Kb1 Qc6 14.
h4 Rae8 15. Qd3 f5 16. Rhe1 a6 17. h5 Bf6 18. h6 g6 19. Nd4 Qd5 20. f3 Nxd4 21.
Bxd4 Bxd4 22. cxd4 f4 23. Qc3 c6 24. Qb4 b5 25. Qa5 Qf7 26. Rxe8 Rxe8 27. Qxa6
Qd7 28. a4 bxa4 29. Qxa4 d5 30. Rd3 Kf7 31. Rc3 Re1+ 32. Ka2 Re6 33. Rc5 g5 34.
c4 Qb7 35. cxd5 cxd5 36. Ra5 Re2 37. Rb5 Qd7 38. Qa5 Kg6 39. Rxd5 Qe6 40. Ka3
Rxg2 41. Qa8 Qe2 42. Qc6+ Kh5 43. Rb5 Qd3+ 44. Ka2 Qxd4 45. Qe8+ Kh4 46. Qe1+
Kh3 47. Qh1+ Rh2 48. Qf1+ Kh4 49. Qe1+ Kh5 50. Qe8+ Kh4 51. Qe1+ Kh5 52. Qe8+
1/2-1/2

[Event "SVK Extraliga 2018/2019"]
[Site "?"]
[Date "2019.04.14"]
[Round "11.2"]
[White "Jakab, Bela"]
[Black "Miton, Kamil"]
[Result "0-1"]
[WhiteElo "2324"]
[BlackElo "2593"]
[PlyCount "116"]
[EventDate "2018.11.10"]
[WhiteTeam "KSC Komarno"]
[BlackTeam "TJ Inbest Dunajov"]

1. e4 c5 2. c3 d5 3. exd5 Qxd5 4. Nf3 Nf6 5. d4 e6 6. Be3 cxd4 7. cxd4 Bb4+ 8.
Nc3 O-O 9. Bd3 b6 10. O-O Bxc3 11. bxc3 Ba6 12. Bxa6 Nxa6 13. Qa4 Nb8 14. c4
Qc6 15. Qb3 Nbd7 16. Rfd1 Rfc8 17. Rac1 Qe4 18. h3 h6 19. Qb5 a6 20. Qb3 b5 21.
c5 Nd5 22. Re1 Qf5 23. Bd2 Ne7 24. g4 Qd5 25. Ne5 Nxe5 26. Qxd5 Nxd5 27. Rxe5
Ne7 28. Re3 Nc6 29. Rd3 Rd8 30. Be3 Rd5 31. f4 Rad8 32. Kf2 f6 33. Rdc3 Kf7 34.
h4 h5 35. g5 Rc8 36. Kf3 Rcd8 37. a3 Ke7 38. Bf2 Rc8 39. Rd1 Rf8 40. Ke4 Kf7
41. Rcd3 Rfd8 42. R1d2 Na5 43. Rc2 Ke8 44. Rdc3 Nc6 45. Rd3 f5+ 46. Kf3 Rxd4
47. Bxd4 Nxd4+ 48. Rxd4 Rxd4 49. Ke3 Re4+ 50. Kf3 Ra4 51. Rc3 Kd7 52. Re3 Rd4
53. g6 Rc4 54. Rd3+ Ke7 55. Rd6 Rxc5 56. Rxa6 Rc3+ 57. Kg2 Rc4 58. Kf3 Ra4 0-1

[Event "SVK Extraliga 2018/2019"]
[Site "?"]
[Date "2019.04.14"]
[Round "11.3"]
[White "Antoniewski, Rafal"]
[Black "Cibickova, Zuzana"]
[Result "1-0"]
[WhiteElo "2500"]
[BlackElo "2239"]
[PlyCount "119"]
[EventDate "2018.11.10"]
[WhiteTeam "TJ Inbest Dunajov"]
[BlackTeam "KSC Komarno"]

1. c4 e5 2. Nc3 Nf6 3. Nf3 Nc6 4. e4 Bb4 5. d3 d6 6. Be2 Bg4 7. O-O Bxf3 8.
Bxf3 O-O 9. g3 a6 10. Bg2 Bc5 11. a3 Nd4 12. b4 Ba7 13. a4 a5 14. b5 Bc5 15. h3
Nd7 16. Kh2 c6 17. f4 Bb4 18. Na2 Nc5 19. Rb1 Ra7 20. f5 f6 21. h4 Nd7 22. g4
h6 23. Be3 c5 24. Bh3 Kf7 25. Rb2 Rh8 26. Rg2 Qf8 27. Rg3 Ke8 28. Bg2 b6 29.
Rh3 Kd8 30. Rh1 Kc7 31. Kg1 Ra8 32. g5 Qf7 33. gxh6 gxh6 34. Rg3 Rag8 35. Rhh3
Rxg3 36. Rxg3 Rg8 37. Rxg8 Qxg8 38. Kf2 Qg7 39. Bh3 h5 40. Bf1 Qh7 41. Be2 Nxe2
42. Qxe2 Kd8 43. Qf3 Ke7 44. Kf1 Kf7 45. Nc1 Bc3 46. Ne2 Bd4 47. Bd2 Ke7 48.
Kg2 Qg7+ 49. Kh3 Qg4+ 50. Qxg4 hxg4+ 51. Kxg4 Kf7 52. Ng3 Kg7 53. Ne2 Kh7 54.
Nc1 Bb2 55. Nb3 Ba3 56. Nxa5 bxa5 57. Bxa5 Bb4 58. Bc7 d5 59. a5 dxc4 60. dxc4
1-0

[Event "SVK Extraliga 2018/2019"]
[Site "?"]
[Date "2019.04.14"]
[Round "11.4"]
[White "Molnar, Erno"]
[Black "Bulski, Krzysztof"]
[Result "0-1"]
[WhiteElo "2194"]
[BlackElo "2538"]
[PlyCount "60"]
[EventDate "2018.11.10"]
[WhiteTeam "KSC Komarno"]
[BlackTeam "TJ Inbest Dunajov"]

1. e4 c5 2. Nf3 e6 3. d4 cxd4 4. Nxd4 a6 5. Bd3 Bc5 6. Nb3 Be7 7. Qg4 g6 8. Qe2
d6 9. Na3 Nd7 10. Nc4 b5 11. Nca5 Ne5 12. O-O Bd7 13. f4 Nxd3 14. cxd3 Nf6 15.
Be3 O-O 16. Rac1 Qb8 17. Nd4 Rc8 18. f5 Rxc1 19. Rxc1 Qe8 20. Nac6 exf5 21.
exf5 Bf8 22. Qf3 Rc8 23. Bd2 Bxc6 24. Rxc6 Rxc6 25. Nxc6 d5 26. Nb4 Qe5 27.
fxg6 hxg6 28. Bc3 Bc5+ 29. Kh1 Qg5 30. g3 d4 0-1

[Event "SVK Extraliga 2018/2019"]
[Site "?"]
[Date "2019.04.14"]
[Round "11.5"]
[White "Jakubiec, Artur"]
[Black "Szegi, Tamas"]
[Result "1-0"]
[WhiteElo "2474"]
[BlackElo "2195"]
[PlyCount "63"]
[EventDate "2018.11.10"]
[WhiteTeam "TJ Inbest Dunajov"]
[BlackTeam "KSC Komarno"]

1. f4 h5 2. Nf3 d5 3. b3 Bg4 4. e3 Nc6 5. Bb2 d4 6. h3 Bf5 7. exd4 Qd6 8. Bb5
O-O-O 9. O-O Nb4 10. Na3 c6 11. Be2 f6 12. Nc4 Qc7 13. Ne3 Be4 14. Ne1 e5 15.
fxe5 fxe5 16. dxe5 Bc5 17. d4 Ne7 18. c3 Nbd5 19. Qc1 Bb6 20. Nc4 Nf5 21. Bd3
Ng3 22. Rf2 Kb8 23. Qc2 Bxd3 24. Nxd3 Ne4 25. Rff1 g5 26. Rae1 Ng3 27. Rf3 h4
28. Ba3 Nxc3 29. Nxb6 Nb5 30. Nc4 Nxd4 31. Qf2 Qh7 32. Bd6+ 1-0

[Event "SVK Extraliga 2018/2019"]
[Site "?"]
[Date "2019.04.14"]
[Round "11.6"]
[White "Kukel, Imre"]
[Black "Jurcik, Martin"]
[Result "0-1"]
[WhiteElo "2258"]
[BlackElo "2335"]
[PlyCount "94"]
[EventDate "2018.11.10"]
[WhiteTeam "KSC Komarno"]
[BlackTeam "TJ Inbest Dunajov"]

1. e4 e5 2. Nf3 Nf6 3. Nxe5 d6 4. Nf3 Nxe4 5. d4 d5 6. Bd3 Bf5 7. O-O Be7 8.
Re1 O-O 9. c4 Nc6 10. Nc3 Nxc3 11. bxc3 Bxd3 12. Qxd3 dxc4 13. Qxc4 Qd7 14. Rb1
b6 15. d5 Na5 16. Qd3 Bf6 17. Bf4 Rfe8 18. Bg5 Qd6 19. h4 h6 20. Bxf6 Qxf6 21.
Re4 Nb7 22. Rbe1 Nd6 23. Rxe8+ Rxe8 24. Rxe8+ Nxe8 25. Qb5 Kf8 26. c4 Qa1+ 27.
Kh2 Qxa2 28. Qb4+ Nd6 29. c5 Qc4 30. Qa3 bxc5 31. Qxa7 Qxd5 32. Qxc7 g6 33. g3
Kg7 34. Ng1 Nb5 35. Qb8 Nd4 36. Qb2 Kh7 37. Qc3 c4 38. Qe3 Nf5 39. Qa3 Nd4 40.
Qe3 Nf5 41. Qa3 Qd6 42. Qc3 Qd4 43. Qf3 Kg7 44. h5 Qd3 45. Qb7 gxh5 46. Nh3 h4
47. g4 Qd6+ 0-1

[Event "SVK Extraliga 2018/2019"]
[Site "?"]
[Date "2019.04.14"]
[Round "11.7"]
[White "Kantorik, Marian"]
[Black "Joba, Arpad"]
[Result "1-0"]
[WhiteElo "2188"]
[BlackElo "2054"]
[PlyCount "79"]
[EventDate "2018.11.10"]
[WhiteTeam "TJ Inbest Dunajov"]
[BlackTeam "KSC Komarno"]

1. d4 d5 2. c4 c6 3. Nf3 Nf6 4. Nc3 a6 5. e3 b5 6. b3 Bg4 7. Be2 e6 8. O-O Bxf3
9. Bxf3 Qc7 10. Qe2 Bd6 11. h3 Nbd7 12. e4 b4 13. exd5 bxc3 14. dxe6 Nf8 15. c5
Be7 16. exf7+ Kxf7 17. Qc4+ Ne6 18. Re1 Qd7 19. Bg5 Rad8 20. Re5 h6 21. Rae1
hxg5 22. Rxe6 Nd5 23. Bxd5 Qxd5 24. Rxe7+ Kg8 25. Qxc3 Qxd4 26. Qxd4 Rxd4 27.
Rc7 Rh6 28. Re8+ Kh7 29. Rec8 Rf6 30. Re8 Rd1+ 31. Kh2 Rxf2 32. Re4 Rf6 33. Ra7
Rf5 34. b4 Rd2 35. Rxa6 Rf4 36. Rxf4 gxf4 37. Kg1 Kg6 38. Rxc6+ Kh5 39. Rd6
Rxa2 40. c6 1-0

[Event "SVK Extraliga 2018/2019"]
[Site "?"]
[Date "2019.04.14"]
[Round "11.8"]
[White "Viczencz, Peter"]
[Black "Lisko, Frantisek"]
[Result "0-1"]
[WhiteElo "2055"]
[BlackElo "2255"]
[PlyCount "142"]
[EventDate "2018.11.10"]
[WhiteTeam "KSC Komarno"]
[BlackTeam "TJ Inbest Dunajov"]

1. e4 c6 2. d4 d5 3. Nc3 dxe4 4. Nxe4 Bf5 5. Ng3 Bg6 6. Nf3 Nd7 7. h4 h6 8. h5
Bh7 9. Bd3 Bxd3 10. Qxd3 Ngf6 11. Bd2 e6 12. O-O-O Be7 13. Kb1 Qb6 14. Ne5 Rd8
15. Nc4 Qa6 16. Bf4 c5 17. Nd6+ Bxd6 18. Qxa6 bxa6 19. Bxd6 c4 20. Rhe1 Nb6 21.
Bc5 Rd5 22. Re5 Kd7 23. f4 Rb8 24. Bxb6 axb6 25. f5 b5 26. fxe6+ fxe6 27. Rxd5+
exd5 28. c3 Re8 29. a4 bxa4 30. Ka2 Rb8 31. Re1 Rb3 32. Re3 a5 33. Ne2 a3 34.
bxa3 Ne4 35. Rf3 Ke7 36. Nf4 Kd6 37. Ne2 a4 38. g4 Kc6 39. Re3 Kd7 40. Rf3 Nd6
41. Nc1 Rb8 42. Ne2 Re8 43. Ng3 Re1 44. Nf5 Re2+ 45. Ka1 Ne8 46. Kb1 Re4 47.
Rg3 Ke6 48. Kc2 Kf6 49. Ne3 Nc7 50. Rf3+ Ke6 51. Rg3 Nb5 52. Kb2 Rf4 53. g5
Rf2+ 54. Nc2 Nxa3 55. Kxa3 Rxc2 56. gxh6 gxh6 57. Kxa4 Kf5 58. Re3 Kf4 59. Re5
Rxc3 60. Rxd5 Ke4 61. Kb4 Kd3 62. Rf5 Rb3+ 63. Ka4 Rb8 64. d5 c3 65. d6 c2 66.
Rc5 Kd2 67. Rd5+ Kc3 68. Rc5+ Kb2 69. Rb5+ Rxb5 70. Kxb5 c1=Q 71. d7 Qc7 0-1